书目信息 |
| 题名: |
英语泛读教程
|
|
| 作者: | 刘乃银 主编 | |
| 分册: | ||
| 出版信息: | 北京 高等教育出版社 2000.06 |
|
| 页数: | 277页 | |
| 开本: | 20cm | |
| 丛书名: | ||
| 单 册: | ||
| 中图分类: | H319.4 | |
| 科图分类: | ||
| 主题词: | 英语 | |
| 电子资源: | ||
| ISBN: | 7-04-008022-2 | |
| 000 | 00569nam0 2200193 450 | |
| 001 | 0856209864 | |
| 005 | 20081017153855.26 | |
| 010 | @a7-04-008022-2@dCNY20.50 | |
| 100 | @a20081017d2000 km y0chiy0120 ea | |
| 101 | 0 | @achi |
| 102 | @aCN@b110000 | |
| 200 | 1 | @a英语泛读教程@Aying yu fan du jiao cheng@f刘乃银主编@Fliu nai yin zhu bian |
| 210 | @a北京@c高等教育出版社@d2000.06 | |
| 215 | @a277页@d20cm | |
| 606 | 0 | @a英语 |
| 690 | @aH319.4@v4 | |
| 701 | 0 | @a刘乃银@Aliu nai yin@4主编 |
| 801 | 0 | @aCN@b大连网信软件有限公司图书馆·11@c20081017 |
| 905 | @aZUCC@dH319.4@eL6501 | |
| 英语泛读教程/刘乃银主编.-北京:高等教育出版社,2000.06 |
| 277页;20cm |
| ISBN 7-04-008022-2:CNY20.50 |
| ● |
| 相关链接 |
|
|
|
正题名:英语泛读教程
索取号:H319.4/L6501
 
预约/预借
| 序号 | 登录号 | 条形码 | 馆藏地/架位号 | 状态 | 备注 |